Norme per la celebrazione del matrimonio in Roma e guida per lo svolgimento della pratica matrimoniale
Uloženo v:
| Korporativní autor: | |
|---|---|
| Médium: | Kniha |
| Jazyk: | italština |
| Vydáno: |
Roma
Graphic Art
1997
|
| Témata: | |
| Tagy: |
Přidat tag
Žádné tagy, Buďte první, kdo vytvoří štítek k tomuto záznamu!
|
MARC
| LEADER | 00000nam a2200000 a 4500 | ||
|---|---|---|---|
| 001 | UCR7267 | ||
| 003 | CL-VaPUC | ||
| 008 | 980514e19970000IT |||||||||||||||||ita|d | ||
| 082 | 0 | 4 | |a 262.933 |b RIV |2 21 |
| 110 | 2 | |a Rivista Diocesana di Roma |e author |9 408567 | |
| 245 | 1 | 0 | |a Norme per la celebrazione del matrimonio in Roma e guida per lo svolgimento della pratica matrimoniale |
| 300 | |a 63 p | ||
| 942 | |c BK | ||
| 945 | |d 19980514 00:00:00 |a mvenant | ||
| 260 | |a Roma |b Graphic Art |c 1997 | ||
| 650 | 7 | |a MATRIMONIO |2 CL-VaPUC |9 408568 | |
| 650 | 7 | |a DERECHO CANONICO |2 CL-VaPUC |9 408569 | |
| 650 | 7 | |a MATRIMONIO RELIGIOSO |2 CL-VaPUC |9 408570 | |
| 650 | 7 | |a NULIDAD DEL MATRIMONIO |2 CL-VaPUC |9 408571 | |
| 651 | 0 | |a Roma |9 255106 | |
| 651 | 0 | |a Italia |9 254949 | |
| 583 | |a last modification |c 19980514 00:00:00 |k Rodrigo Vera | ||
| 999 | |c 269007 |d 269005 | ||
| 952 | |0 0 |1 0 |4 0 |6 262_933000000000000_RIV_1997 |7 0 |8 DER_HDC |9 302592 |a BIBDER |b BIBDER |d 2019-11-20 |i 3425002 |o 262.933 RIV 1997 |p 3425002 |r 2023-01-25 |w 2019-11-20 |x Ubicación 4to Piso |y BK |z Estos recursos deben solicitarse con anticipación |k DER | ||